Las Caramellas / Juan Amades
Publicado:
San Jorge, núm. 72 ( 4t trimestre 1968), pàg 30 - 37 :
MARC
| LEADER | 00000nam a2200000Ia 4500 | ||
|---|---|---|---|
| 001 | |||
| 008 | 160829s9999 xx 000 0 cat d | ||
| 100 | 1 | |a Amades, Joan, |d 1890-1959 |9 21237 | |
| 245 | |a Las Caramellas / Juan Amades | ||
| 260 | |a San Jorge, núm. 72 ( 4t trimestre 1968), pàg 30 - 37 | ||
| 590 | |a Conté 9 fotografies | ||
| 650 | |a Caramelles |x Barcelona |9 40271 | ||
| 650 | |a Folklore |x Barcelona |9 40272 | ||
| 901 | |a Arxiu | ||
| 942 | |n 1 | ||
| 952 | |0 0 |1 0 |4 0 |7 1 |9 49540 |a Arxiu |b Arxiu |d 2016-12-01 |l 0 |r 2016-12-01 00:00:00 |w 2016-12-01 |y ARXIU | ||
| 999 | |c 53382 |d 53382 | ||